Which NFL player did this? - Statistics

General Stats
  • This quiz has been taken 18 times
  • The average score is 5 of 10
Answer Stats
Hint Answer % Correct
Win 7 super bowls Tom Brady
100%
QB to lose 4 super bowls in a row Jim Kelly
72%
All time rush yards leader Emmitt Smith
61%
First RB to rush for 2k yards OJ Simpson
61%
First QB to throw for 5k yards Dan Marino
56%
Biggest bust in NFL history JaMarcus Russell
39%
Best WR off all time based of talent Randy Moss
39%
QB to play for 7 teams Vinny Testaverde
22%
Best black QB ever Mike Vick
6%
Worst stat wise QB of all time Frank Tripucka
0%
No matching quizzes found
Score Distribution
Percent of People with Each Score
Percentile by Number Answered
Your Score History
You have not taken this quiz